[Event "España ch Universitario 2007"]
[Site "Cartagena ESP"]
[Date "2007.05.07"]
[Round "1.28"]
[White "Arques Lopez, Irene"]
[Black "Cortes Lizano, Jesus"]
[Result "0-1"]
[WhiteElo "2013"]
[BlackElo "2247"]
[PlyCount "70"]
[EventDate "2007.05.06"]
[EventType "swiss"]
[EventRounds "9"]
[EventCountry "ESP"]
[Source "lmi"]
[SourceDate "2007.05.06"]

1. e4 c5 2. Nf3 d6 3. d4 cxd4 4. Qxd4 e5 5. Qd1 h6 6. Nc3 Nf6 7. b3 Be7 8. Bb5+
Nbd7 9. O-O O-O 10. Bc4 a6 11. Re1 Qc7 12. Ba3 Nb6 13. Nd5 Nfxd5 14. Bxd5 Nxd5
15. Qxd5 Be6 16. Qd2 b5 17. Red1 Rfd8 18. Rac1 Rac8 19. h3 Kh7 20. Qe2 Qa5 21.
Bb2 Qxa2 22. Ba1 Bxb3 23. Rd2 Bc4 24. Qe3 Qa5 25. Bc3 b4 26. Ra1 Qb5 27. Bb2 a5
28. Qa7 Rd7 29. Qxa5 Rdc7 30. Ra4 Qc6 31. Rxb4 Qxe4 32. Rb6 Be6 33. c3 Bxh3 34.
Kh2 Bg4 35. Ng1 Qf4+ 0-1

[Event "España ch Universitario 2007"]
[Site "Cartagena ESP"]
[Date "2007.05.07"]
[Round "1.29"]
[White "Gavilan Diaz, Mario"]
[Black "Pastor Jimenez, Daniel"]
[Result "1/2-1/2"]
[WhiteElo "2244"]
[BlackElo "2009"]
[PlyCount "158"]
[EventDate "2007.05.06"]
[EventType "swiss"]
[EventRounds "9"]
[EventCountry "ESP"]
[Source "lmi"]
[SourceDate "2007.05.06"]

1. d4 Nf6 2. c4 g6 3. Nc3 d5 4. Bf4 Bg7 5. Nf3 c6 6. e3 O-O 7. Bd3 Qa5 8. O-O
dxc4 9. Bxc4 Bg4 10. h3 Bf5 11. Qe2 Ne4 12. Nxe4 Bxe4 13. Nd2 Bd5 14. Nb3 Qd8
15. e4 Bxc4 16. Qxc4 Nd7 17. Rad1 Nf6 18. Rfe1 Re8 19. Bh2 Rc8 20. Nd2 Qb6 21.
b4 Rcd8 22. Nf3 h6 23. a4 a5 24. bxa5 Qxa5 25. Rb1 Ra8 26. Rxb7 Qxa4 27. Qxa4
Rxa4 28. Rc7 Rc4 29. Be5 Bf8 30. Nd2 Rc2 31. Nb3 Ra8 32. Nc5 Raa2 33. Rf1 Re2
34. Rc8 Nh7 35. Rxc6 f6 36. Bg3 Ng5 37. e5 fxe5 38. Bxe5 Kf7 39. Rc8 Rac2 40.
Rc7 Bg7 41. Bxg7 Kxg7 42. h4 Nf7 43. Ne6+ Kf6 44. Rxc2 Rxc2 45. Nf4 Rd2 46. Re1
Rxd4 47. Re6+ Kf5 48. Rxe7 Kxf4 49. Rxf7+ Kg4 50. g3 Kh3 51. Kf1 Rd6 52. Ke2
Kg4 53. Rf4+ Kh5 54. Kf3 g5 55. hxg5 hxg5 56. Rf8 Ra6 57. Rg8 Rf6+ 58. Kg2 Ra6
59. Kh3 Kh6 60. Kg4 Rf6 61. Rh8+ Kg6 62. f4 gxf4 63. gxf4 Kg7 64. Ra8 Rb6 65.
Kg5 Rg6+ 66. Kf5 Rf6+ 67. Ke5 Rb6 68. Ra7+ Kf8 69. Kf5 Rb2 70. Kf6 Rb6+ 71. Kg5
Rc6 72. f5 Rc1 73. Kg6 Rf1 74. Kf6 Kg8 75. Ra8+ Kh7 76. Ke6 Kg7 77. Ra7+ Kf8
78. Kf6 Kg8 79. Rg7+ Kf8 1/2-1/2

[Event "España ch Universitario 2007"]
[Site "Cartagena ESP"]
[Date "2007.05.07"]
[Round "1.30"]
[White "Alcaraz Soriano, Angela"]
[Black "Rodriguez Fontecha, Marcos"]
[Result "0-1"]
[WhiteElo "2007"]
[BlackElo "2241"]
[PlyCount "66"]
[EventDate "2007.05.06"]
[EventType "swiss"]
[EventRounds "9"]
[EventCountry "ESP"]
[Source "lmi"]
[SourceDate "2007.05.06"]

1. d4 d5 2. c4 Nc6 3. Nf3 e5 4. cxd5 Qxd5 5. Nc3 Bb4 6. dxe5 Qxd1+ 7. Kxd1 Bg4
8. Bf4 Nge7 9. e3 Ng6 10. Bb5 O-O-O+ 11. Kc2 Nxf4 12. Bxc6 Nd3 13. Bb5 Nxf2 14.
Rhf1 Bf5+ 15. Kb3 Bxc3 16. Rxf2 Ba5 17. Ng5 Bd3 18. Bxd3 Rxd3+ 19. Kc2 Rhd8 20.
Raf1 Rd2+ 21. Kc1 Rxf2 22. Rxf2 Bb6 23. Rf3 Rd3 24. Nxf7 Rxe3 25. Kd2 Rxf3 26.
gxf3 Kd7 27. f4 Ke6 28. Nd8+ Kf5 29. Nxb7 Bg1 30. Ke2 Bxh2 31. Kf3 Bxf4 32. e6
Bg5 33. Nc5 Be7 0-1

[Event "España ch Universitario 2007"]
[Site "Cartagena ESP"]
[Date "2007.05.07"]
[Round "1.31"]
[White "Pons Carreras, David"]
[Black "Molina Ballester, Sergio"]
[Result "1-0"]
[WhiteElo "2240"]
[BlackElo "2007"]
[PlyCount "105"]
[EventDate "2007.05.06"]
[EventType "swiss"]
[EventRounds "9"]
[EventCountry "ESP"]
[Source "lmi"]
[SourceDate "2007.05.06"]

1. Nf3 c5 2. c4 Nc6 3. g3 g6 4. Bg2 Bg7 5. O-O e6 6. Nc3 Nge7 7. e3 O-O 8. d4
cxd4 9. Nxd4 Nxd4 10. exd4 d5 11. cxd5 Nxd5 12. Nxd5 exd5 13. Be3 Bd7 14. Qb3
Bc6 15. Rac1 Re8 16. Rc5 Bf8 17. Bxd5 Bxc5 18. Bxf7+ Kg7 19. Bxe8 Bd5 20. Qc3
Bb4 21. Qxb4 Qxe8 22. Bg5 Qd7 23. Qe7+ Qxe7 24. Bxe7 Re8 25. Bb4 Re2 26. Bc3
Bxa2 27. d5+ Kf7 28. Rd1 Ke7 29. Kg2 Kd6 30. Bb4+ Kd7 31. Ba3 Re5 32. d6 Bd5+
33. Kg1 Bc6 34. h3 Re2 35. g4 h5 36. gxh5 gxh5 37. Rd4 Re4 38. Rxe4 Bxe4 39. h4
a5 40. Kh2 b5 41. Bc5 Bf5 42. Kg3 Kc6 43. b4 a4 44. Kf4 Bd7 45. Ke5 Bg4 46. f4
Kd7 47. Bd4 Be6 48. f5 Bf7 49. Kf6 Be8 50. Be5 a3 51. Kg7 a2 52. Kf8 Kd8 53. f6
1-0

[Event "España ch Universitario 2007"]
[Site "Cartagena ESP"]
[Date "2007.05.07"]
[Round "1.32"]
[White "Iglesias Gascon, Albanta"]
[Black "Bermejo Martinez, Jorge"]
[Result "1-0"]
[WhiteElo "1997"]
[BlackElo "2240"]
[PlyCount "21"]
[EventDate "2007.05.06"]
[EventType "swiss"]
[EventRounds "9"]
[EventCountry "ESP"]
[Source "lmi"]
[SourceDate "2007.05.06"]

1. d4 Nf6 2. Nf3 g6 3. Bf4 Bg7 4. e3 d6 5. Be2 O-O 6. O-O Nbd7 7. c4 h6 8. h3
c6 9. Nc3 Qb6 10. Qc2 d5 11. Bh2 1-0

[Event "España ch Universitario 2007"]
[Site "Cartagena ESP"]
[Date "2007.05.07"]
[Round "1.34"]
[White "Garcia Rodriguez, Victor"]
[Black "Ehsan, Ali"]
[Result "0-1"]
[WhiteElo "1980"]
[BlackElo "2223"]
[PlyCount "112"]
[EventDate "2007.05.06"]
[EventType "swiss"]
[EventRounds "9"]
[EventCountry "ESP"]
[Source "lmi"]
[SourceDate "2007.05.06"]

1. e4 e5 2. Nf3 Nc6 3. Bb5 Nd4 4. Bc4 Nxf3+ 5. Qxf3 Nf6 6. O-O Bd6 7. Nc3 O-O
8. d3 Be7 9. Ne2 c6 10. Bb3 d6 11. h3 Be6 12. g4 Nd7 13. Be3 d5 14. c3 dxe4 15.
dxe4 Nc5 16. Bc2 Bc4 17. Rfd1 Bxe2 18. Qxe2 Qc7 19. b4 Ne6 20. Bb3 Ng5 21. Kg2
Nxe4 22. Qd3 Nd6 23. Bc5 Rad8 24. Bxd6 Bxd6 25. Qf5 g6 26. Qg5 Be7 27. Qh6 Bf6
28. h4 Qe7 29. Qe3 Bxh4 30. Rh1 Bg5 31. Qe4 Kg7 32. Rae1 Bd2 33. Qxe5+ Qxe5 34.
Rxe5 Rfe8 35. Rxe8 Rxe8 36. Rd1 Rd8 37. Kf3 b6 38. Bc2 Rd6 39. Be4 h6 40. Ke2
Re6 41. Rxd2 Rxe4+ 42. Kf3 Rc4 43. Rd3 Kf6 44. Kg3 Kg5 45. f3 f5 46. gxf5 Kxf5
47. Rd7 g5 48. Rf7+ Kg6 49. Rxa7 h5 50. a4 Rxc3 51. Ra6 g4 52. Rxb6 Kg5 53. Rb8
h4+ 54. Kg2 h3+ 55. Kh2 Rc2+ 56. Kg1 g3 0-1

[Event "España ch Universitario 2007"]
[Site "Cartagena ESP"]
[Date "2007.05.07"]
[Round "1.35"]
[White "Romon Poves, Raul"]
[Black "Gomez Olivares, Alejandro"]
[Result "1/2-1/2"]
[WhiteElo "2216"]
[BlackElo "1979"]
[PlyCount "39"]
[EventDate "2007.05.06"]
[EventType "swiss"]
[EventRounds "9"]
[EventCountry "ESP"]
[Source "lmi"]
[SourceDate "2007.05.06"]

1. d4 d5 2. c4 e6 3. Nc3 c6 4. e3 Nf6 5. Nf3 Nbd7 6. Bd3 Bd6 7. O-O O-O 8. e4
dxe4 9. Nxe4 Nxe4 10. Bxe4 e5 11. dxe5 Nxe5 12. Nxe5 Bxe5 13. Bxh7+ Kxh7 14.
Qh5+ Kg8 15. Qxe5 Re8 16. Qc3 Bf5 17. b3 Re2 18. Bb2 Qg5 19. Bc1 Qg6 20. Qg3
1/2-1/2

[Event "España ch Universitario 2007"]
[Site "Cartagena ESP"]
[Date "2007.05.07"]
[Round "1.36"]
[White "Cabo Alvarez, Christian"]
[Black "Paredes Sanchez, Juan"]
[Result "0-1"]
[WhiteElo "1975"]
[BlackElo "2215"]
[PlyCount "65"]
[EventDate "2007.05.06"]
[EventType "swiss"]
[EventRounds "9"]
[EventCountry "ESP"]
[Source "lmi"]
[SourceDate "2007.05.06"]

1. d4 Nf6 2. Bg5 e6 3. Nd2 h6 4. Bh4 c5 5. e3 Be7 6. c3 O-O 7. Bd3 b6 8. Ngf3
cxd4 9. exd4 Ba6 10. Bxa6 Nxa6 11. Ne5 Nc7 12. O-O Qc8 13. Qf3 b5 14. Rfe1 Ncd5
15. Ne4 Rb8 16. a3 a5 17. Rac1 Qb7 18. Nxf6+ Nxf6 19. Qxb7 Rxb7 20. Ng4 Nd5 21.
Bxe7 Nxe7 22. b3 Rc8 23. c4 Nf5 24. cxb5 Rxc1 25. Rxc1 Rxb5 26. Ne5 Nxd4 27.
Re1 d6 28. Nc4 d5 29. a4 Rc5 30. Nd2 Rc2 31. Nf3 Nxb3 32. h3 Rc4 33. Ne5 0-1

[Event "España ch Universitario 2007"]
[Site "Cartagena ESP"]
[Date "2007.05.07"]
[Round "1.37"]
[White "Paredes Cordo, Jacobo Borja"]
[Black "Sanchez Lopez, Diego"]
[Result "1-0"]
[WhiteElo "2211"]
[BlackElo "1961"]
[PlyCount "63"]
[EventDate "2007.05.06"]
[EventType "swiss"]
[EventRounds "9"]
[EventCountry "ESP"]
[Source "lmi"]
[SourceDate "2007.05.06"]

1. e4 e5 2. Nf3 Nc6 3. d4 exd4 4. Bc4 Nf6 5. e5 d5 6. Bb5 Nd7 7. O-O Bc5 8.
Bxc6 bxc6 9. Bg5 Be7 10. Nxd4 Nxe5 11. Bxe7 Qxe7 12. Re1 O-O 13. Nxc6 Nxc6 14.
Rxe7 Nxe7 15. Nc3 c6 16. Na4 a6 17. Qd4 Nf5 18. Qc3 Be6 19. Nc5 Rfc8 20. Re1 d4
21. Qf3 Nh4 22. Qe4 Nxg2 23. Qxg2 Bd5 24. Qg4 Re8 25. Rxe8+ Rxe8 26. Kf1 Bc4+
27. Kg2 Re5 28. Qxd4 Rg5+ 29. Kf3 Bd5+ 30. Ke3 Rh5 31. c4 Rh3+ 32. Kd2 1-0

[Event "España ch Universitario 2007"]
[Site "Cartagena ESP"]
[Date "2007.05.07"]
[Round "1.38"]
[White "Alcaraz Pacheco, Ivan"]
[Black "Tamayo Romay, Francisco Javier"]
[Result "1-0"]
[WhiteElo "1953"]
[BlackElo "2210"]
[PlyCount "63"]
[EventDate "2007.05.06"]
[EventType "swiss"]
[EventRounds "9"]
[EventCountry "ESP"]
[Source "lmi"]
[SourceDate "2007.05.06"]

1. d4 f5 2. e4 fxe4 3. Nc3 Nf6 4. Bg5 Nc6 5. d5 Ne5 6. Qe2 c6 7. f4 Nf7 8. Bxf6
gxf6 9. Nxe4 Bg7 10. O-O-O f5 11. Ng5 Nxg5 12. fxg5 O-O 13. Nf3 cxd5 14. Rxd5
e6 15. Rd6 Qa5 16. Qc4 b5 17. Qb3 Qc7 18. Qd3 Qa5 19. Qb3 b4 20. Bc4 Qc5 21.
Rhd1 a5 22. Qd3 a4 23. b3 axb3 24. Bxb3 Ba6 25. Rxa6 Rxa6 26. Qxa6 Qe3+ 27. Kb1
Qc3 28. Kc1 Qe3+ 29. Rd2 Qc3 30. Kd1 Kh8 31. Rxd7 e5 32. Rxg7 1-0

[Event "España ch Universitario 2007"]
[Site "Cartagena ESP"]
[Date "2007.05.07"]
[Round "1.39"]
[White "Aymerich Rosell, Pablo"]
[Black "Torroglosa Miñarro, Juan Jose"]
[Result "0-1"]
[WhiteElo "2208"]
[BlackElo "1941"]
[PlyCount "101"]
[EventDate "2007.05.06"]
[EventType "swiss"]
[EventRounds "9"]
[EventCountry "ESP"]
[Source "lmi"]
[SourceDate "2007.05.06"]

1. d4 d5 2. c4 e6 3. Nc3 Be7 4. Nf3 Nf6 5. Bf4 O-O 6. e3 dxc4 7. Bxc4 Nbd7 8.
O-O Nb6 9. Bd3 Nbd5 10. Be5 Bd6 11. e4 Nxc3 12. bxc3 Bxe5 13. Nxe5 c5 14. Nc4
b5 15. Na3 c4 16. Bb1 Qa5 17. Qc1 Bb7 18. f3 a6 19. Qb2 Rab8 20. Nc2 Ba8 21. a3
Rfd8 22. e5 Nd5 23. Nb4 Nb6 24. Qc2 g6 25. h4 Nd5 26. Nxd5 Bxd5 27. h5 Qc7 28.
Kf2 Qe7 29. Rh1 Qg5 30. Qe2 a5 31. Qe3 Qxe3+ 32. Kxe3 Rd7 33. Be4 Bxe4 34. fxe4
Rbd8 35. h6 Kf8 36. Rab1 Rb7 37. g4 Rdd7 38. Rhd1 Ke7 39. g5 Rd8 40. Rd2 Kf8
41. d5 Ke7 42. d6+ Kd7 43. Kd4 Kc6 44. a4 Rdb8 45. axb5+ Kd7 46. Kxc4 Rc8+ 47.
Kd4 Ra8 48. c4 a4 49. c5 Rba7 50. c6+ Kd8 51. b6 0-1

[Event "España ch Universitario 2007"]
[Site "Cartagena ESP"]
[Date "2007.05.07"]
[Round "1.40"]
[White "Marco Francisco, Miriam"]
[Black "Fernandez Barrera, Victor"]
[Result "0-1"]
[WhiteElo "1928"]
[BlackElo "2202"]
[PlyCount "34"]
[EventDate "2007.05.06"]
[EventType "swiss"]
[EventRounds "9"]
[EventCountry "ESP"]
[Source "lmi"]
[SourceDate "2007.05.06"]

1. e4 e6 2. Qe2 c5 3. g3 Nc6 4. Nf3 Be7 5. Bg2 d5 6. d3 Nf6 7. O-O O-O 8. c3 b5
9. Bg5 b4 10. a3 a5 11. axb4 cxb4 12. Re1 dxe4 13. dxe4 Ba6 14. Qe3 Ng4 15.
Bxe7 Nxe3 16. Bxd8 Nc2 17. Nbd2 Rfxd8 0-1

[Event "España ch Universitario 2007"]
[Site "Cartagena ESP"]
[Date "2007.05.07"]
[Round "1.41"]
[White "Jimenez Martinez, Jose Vicente"]
[Black "Cantalapiedra Vega, Francisco"]
[Result "1-0"]
[WhiteElo "2202"]
[BlackElo "1927"]
[PlyCount "63"]
[EventDate "2007.05.06"]
[EventType "swiss"]
[EventRounds "9"]
[EventCountry "ESP"]
[Source "lmi"]
[SourceDate "2007.05.06"]

1. d4 Nf6 2. c4 g6 3. Nc3 Bg7 4. e4 d6 5. f3 O-O 6. Be3 e5 7. d5 Nh5 8. Qd2 f5
9. O-O-O Nf6 10. exf5 gxf5 11. Bd3 Na6 12. Nge2 Nb4 13. Bb1 a5 14. a3 Na6 15.
Bc2 Bd7 16. Rdg1 Nc5 17. Kb1 Rb8 18. a4 Na6 19. Bh6 Ne8 20. Bg5 Bf6 21. h4 Nb4
22. g4 f4 23. Ne4 Nxc2 24. Qxc2 Kh8 25. N2c3 Qc8 26. Ka2 Rf7 27. b3 Rf8 28. Bh6
Bg7 29. Bxg7+ Nxg7 30. h5 Ne8 31. Ng5 Nf6 32. Nce4 1-0

[Event "España ch Universitario 2007"]
[Site "Cartagena ESP"]
[Date "2007.05.07"]
[Round "1.42"]
[White "Martin Mazuelo, Miguel Angel"]
[Black "Zamarbide Iñarrea, Borja"]
[Result "0-1"]
[WhiteElo "1923"]
[BlackElo "2202"]
[PlyCount "92"]
[EventDate "2007.05.06"]
[EventType "swiss"]
[EventRounds "9"]
[EventCountry "ESP"]
[Source "lmi"]
[SourceDate "2007.05.06"]

1. e4 c5 2. c3 g6 3. d4 cxd4 4. cxd4 d5 5. exd5 Bg7 6. Nf3 Nf6 7. Nc3 O-O 8.
Bc4 Nbd7 9. Be3 Nb6 10. Qb3 Bf5 11. Ne5 Be4 12. Nxe4 Nxe4 13. Bd3 Nf6 14. O-O
Nfxd5 15. Nc4 e6 16. Rac1 Qh4 17. Nxb6 Nxb6 18. g3 Qe7 19. d5 Nxd5 20. Bc5 Qg5
21. Bxf8 Rxf8 22. Be4 Nf4 23. Qe3 Nh3+ 24. Kg2 Qh5 25. Bf3 Qf5 26. Rc5 e5 27.
Qe4 Qe6 28. Qc4 Qf6 29. Bg4 Ng5 30. Rc8 h5 31. Rxf8+ Bxf8 32. Bd1 e4 33. f4
exf3+ 34. Bxf3 Qxb2+ 35. Be2 b6 36. Kh1 Qe5 37. Bd1 Ne6 38. Bb3 Bc5 39. Qd3 Kg7
40. Qf3 f5 41. Rd1 Nd4 42. Qb7+ Kh6 43. Bg8 Qe2 44. Qh7+ Kg5 45. h4+ Kg4 46.
Qxg6+ Kh3 0-1

[Event "España ch Universitario 2007"]
[Site "Cartagena ESP"]
[Date "2007.05.07"]
[Round "1.43"]
[White "Peñalosa Pinillas, Jesus"]
[Black "Ares Campo, Iria"]
[Result "1-0"]
[WhiteElo "2201"]
[BlackElo "1923"]
[PlyCount "79"]
[EventDate "2007.05.06"]
[EventType "swiss"]
[EventRounds "9"]
[EventCountry "ESP"]
[Source "lmi"]
[SourceDate "2007.05.06"]

1. e4 d5 2. exd5 Nf6 3. d4 Bg4 4. f3 Bf5 5. Bb5+ c6 6. Bd3 Bxd3 7. Qxd3 cxd5 8.
Ne2 Nc6 9. O-O e6 10. Bf4 Qb6 11. Nbc3 Nh5 12. Be3 Rc8 13. f4 Bd6 14. f5 O-O
15. g4 Nb4 16. Qd2 Nf6 17. a3 Nxc2 18. Qxc2 Bxh2+ 19. Kg2 Nxg4 20. Rf3 exf5 21.
Qxf5 Nxe3+ 22. Rxe3 Qh6 23. Rh3 Qg6+ 24. Qxg6 fxg6 25. Rxh2 Rce8 26. Rf1 Rf5
27. Rf3 Re6 28. Rh4 Rb6 29. b4 a5 30. b5 Rbf6 31. Rhf4 Rg5+ 32. Kf2 Kf7 33.
Rxf6+ gxf6 34. Nf4 Rg4 35. Ke3 Rg1 36. Nfxd5 f5 37. Nb6 Re1+ 38. Kd3 Ra1 39. d5
Rxa3 40. d6 1-0

[Event "España ch Universitario 2007"]
[Site "Cartagena ESP"]
[Date "2007.05.07"]
[Round "1.44"]
[White "Pousada Garcia, Victor Manuel"]
[Black "Gimeno Higueras, Roberto"]
[Result "0-1"]
[WhiteElo "1913"]
[BlackElo "2198"]
[PlyCount "92"]
[EventDate "2007.05.06"]
[EventType "swiss"]
[EventRounds "9"]
[EventCountry "ESP"]
[Source "lmi"]
[SourceDate "2007.05.06"]

1. e4 e5 2. Nf3 Nf6 3. d4 Nxe4 4. Nxe5 d5 5. Bd3 Nd7 6. Nxd7 Bxd7 7. O-O Bd6 8.
Nd2 O-O 9. Nxe4 dxe4 10. Bxe4 Bxh2+ 11. Kxh2 Qh4+ 12. Kg1 Qxe4 13. Re1 Qg6 14.
Re3 Bg4 15. Qd3 Bf5 16. Qb5 Bxc2 17. Rg3 Qb6 18. Qe5 Bg6 19. Be3 Rfe8 20. Qg5
Qxb2 21. Rf1 Qe2 22. Qf4 c6 23. Qc7 Qb2 24. f4 f5 25. Rff3 Qb6 26. Qd6 Qb1+ 27.
Kh2 Qxa2 28. Rh3 Qe6 29. Qb4 b5 30. Rfg3 a5 31. Qc5 Qd5 32. Qb6 Qd6 33. d5 Reb8
34. Qd4 Qxd5 35. Qb2 c5 36. Bd2 b4 37. Rd3 Qf7 38. Qe5 c4 39. Rd6 Re8 40. Qc5
c3 41. Be3 Bh5 42. Bd4 Bg4 43. Rh4 Qe7 44. Qd5+ Qf7 45. Rd7 Qxd5 46. Rxg7+ Kf8
0-1

[Event "España ch Universitario 2007"]
[Site "Cartagena ESP"]
[Date "2007.05.07"]
[Round "1.45"]
[White "Cruz Alvarez de Ron, Dan"]
[Black "Litran Sirvent, Oscar"]
[Result "1-0"]
[WhiteElo "2194"]
[BlackElo "1910"]
[PlyCount "67"]
[EventDate "2007.05.06"]
[EventType "swiss"]
[EventRounds "9"]
[EventCountry "ESP"]
[Source "lmi"]
[SourceDate "2007.05.06"]

1. c4 e6 2. e4 c6 3. d4 d5 4. exd5 cxd5 5. Nc3 Nf6 6. c5 Nc6 7. Nf3 b6 8. b4
Nxb4 9. Qa4+ Nc6 10. Bb5 Bd7 11. Bxc6 bxc5 12. O-O Rc8 13. Bxd7+ Qxd7 14. dxc5
Bxc5 15. Qxd7+ Nxd7 16. Ne2 O-O 17. Rb1 Bb6 18. Ba3 Rfd8 19. Rfc1 Nc5 20. Bxc5
Bxc5 21. Kf1 f6 22. Ned4 Bxd4 23. Nxd4 Rxc1+ 24. Rxc1 e5 25. Nb5 a6 26. Nc7 Rc8
27. Rc5 a5 28. Ke2 Kf7 29. a4 Kg6 30. Kd3 Kf5 31. Rc3 Rd8 32. Rc5 Rc8 33. Rc6
h5 34. Nxd5 1-0

[Event "España ch Universitario 2007"]
[Site "Cartagena ESP"]
[Date "2007.05.07"]
[Round "1.46"]
[White "Martinez Sanchez, Carmen"]
[Black "Martinez Lozano, Miguel Angel"]
[Result "0-1"]
[WhiteElo "1907"]
[BlackElo "2194"]
[PlyCount "88"]
[EventDate "2007.05.06"]
[EventType "swiss"]
[EventRounds "9"]
[EventCountry "ESP"]
[Source "lmi"]
[SourceDate "2007.05.06"]

1. e4 c5 2. Nf3 d6 3. d4 cxd4 4. Nxd4 Nf6 5. Nc3 a6 6. h3 e5 7. Nb3 Be6 8. Bd3
Be7 9. Be3 O-O 10. a4 Nbd7 11. a5 Qc7 12. O-O Rac8 13. Qd2 Rfd8 14. Na4 Nc5 15.
Nbxc5 dxc5 16. Nb6 Rb8 17. Qc3 Rd4 18. Bxd4 exd4 19. Qd2 c4 20. e5 Nd7 21. Nxd7
Bxd7 22. Be4 Qxe5 23. Rfe1 Qf6 24. Qe2 Be6 25. Bd5 Bb4 26. Bxc4 Bxe1 27. Rxe1
Rc8 28. Bd3 g6 29. Qe4 Rc7 30. Rd1 Kg7 31. Rd2 Rd7 32. Be2 Bf5 33. Qf3 Qg5 34.
Rd1 Bxc2 35. Ra1 d3 36. Bd1 Qe5 37. Qe3 Qxb2 38. Rc1 Bxd1 39. Rxd1 Qe2 40. Rd2
Qxe3 41. fxe3 Kf6 42. Kf2 Ke5 43. Kf3 Rd6 44. g4 Rc6 0-1

[Event "España ch Universitario 2007"]
[Site "Cartagena ESP"]
[Date "2007.05.07"]
[Round "1.47"]
[White "Rosa Cintas, Raul"]
[Black "De Dios Ortega, Juan Manuel"]
[Result "1-0"]
[WhiteElo "2192"]
[BlackElo "1895"]
[PlyCount "115"]
[EventDate "2007.05.06"]
[EventType "swiss"]
[EventRounds "9"]
[EventCountry "ESP"]
[Source "lmi"]
[SourceDate "2007.05.06"]

1. d4 d5 2. c4 dxc4 3. Nf3 Nf6 4. e3 e6 5. Bxc4 a6 6. a4 c5 7. O-O Be7 8. dxc5
Qxd1 9. Rxd1 Bxc5 10. Nc3 Bd7 11. Ne5 Nc6 12. Nxd7 Nxd7 13. Ne4 Be7 14. Nd6+
Bxd6 15. Rxd6 Ke7 16. Rd1 Nb6 17. Be2 Rhd8 18. Bd2 f6 19. b4 Ne5 20. a5 Nbc4
21. Bc3 Rac8 22. Bd4 Kf7 23. Rac1 Nd6 24. Bc5 Ne4 25. Rxd8 Rxd8 26. f3 Rd2 27.
Kf1 Nxc5 28. Rxc5 Nc6 29. Bxa6 Nxb4 30. Bxb7 Ra2 31. Rb5 Nc2 32. a6 Nxe3+ 33.
Ke1 Nxg2+ 34. Kd1 Ne3+ 35. Kc1 Nc4 36. Rc5 Nd6 37. Rc6 Nb5 38. Rb6 Nc7 39. Kb1
Ra5 40. Rc6 Nd5 41. Bc8 Nb4 42. Rb6 Nd5 43. Rb7+ Kg6 44. a7 e5 45. Bd7 Ra6 46.
Bc6 Nb4 47. Rxb4 Rxa7 48. Rg4+ Kh6 49. Rh4+ Kg6 50. Be8+ Kg5 51. Rxh7 Kf4 52.
Bc6 Rc7 53. Rh4+ Ke3 54. Rc4 Kd3 55. Rc2 Ke3 56. Kc1 Re7 57. Kb2 g5 58. Kb3 1-0

[Event "España ch Universitario 2007"]
[Site "Cartagena ESP"]
[Date "2007.05.07"]
[Round "1.48"]
[White "Ortiz Fernandez, David"]
[Black "Torrado Quintela, Julio"]
[Result "0-1"]
[WhiteElo "1875"]
[BlackElo "2184"]
[PlyCount "78"]
[EventDate "2007.05.06"]
[EventType "swiss"]
[EventRounds "9"]
[EventCountry "ESP"]
[Source "lmi"]
[SourceDate "2007.05.06"]

1. e4 c5 2. Nf3 d6 3. c3 Nf6 4. Bb5+ Bd7 5. Qe2 a6 6. Bxd7+ Nbxd7 7. d4 e6 8.
O-O Be7 9. Bf4 O-O 10. Nbd2 b5 11. a4 Qb6 12. axb5 axb5 13. Nb3 b4 14. Qc2 Rxa1
15. Rxa1 bxc3 16. bxc3 Nxe4 17. Rb1 Qc6 18. Na5 Qa8 19. Rb7 Qxa5 20. Qxe4 Nf6
21. Qd3 Nd5 22. Bd2 Qa1+ 23. Rb1 Qa3 24. h3 Bf6 25. Qc2 c4 26. Qb2 Qxb2 27.
Rxb2 h6 28. Kf1 Ra8 29. Rb7 Kf8 30. Ke2 Ke8 31. Ne1 Ra2 32. Kd1 Bg5 33. f4 Bxf4
34. Bxf4 Nxf4 35. Rb8+ Ke7 36. Nc2 Nxg2 37. Nb4 Ne3+ 38. Kc1 Rh2 39. Nc6+ Kf6
0-1

[Event "España ch Universitario 2007"]
[Site "Cartagena ESP"]
[Date "2007.05.07"]
[Round "1.49"]
[White "Prol Nogueira, Iago"]
[Black "Cordero Pedrosa, Elena"]
[Result "1-0"]
[WhiteElo "2183"]
[BlackElo "1872"]
[PlyCount "47"]
[EventDate "2007.05.06"]
[EventType "swiss"]
[EventRounds "9"]
[EventCountry "ESP"]
[Source "lmi"]
[SourceDate "2007.05.06"]

1. e4 g6 2. Nc3 Bg7 3. f4 c5 4. Nf3 Nc6 5. Bc4 e6 6. O-O a6 7. a4 Nge7 8. d3
O-O 9. Qe1 d5 10. Bb3 b6 11. Qh4 Bb7 12. f5 exf5 13. exd5 Nd4 14. Bg5 f6 15.
d6+ Nxb3 16. dxe7 Qxe7 17. Rfe1 Qd8 18. cxb3 fxg5 19. Nxg5 h6 20. Qc4+ Kh8 21.
Nf7+ Rxf7 22. Qxf7 Bf6 23. Qxg6 Qd4+ 24. Kh1 1-0

[Event "España ch Universitario 2007"]
[Site "Cartagena ESP"]
[Date "2007.05.07"]
[Round "1.50"]
[White "Moya Hernandez, Alvaro"]
[Black "Villar Nieves, Antonio"]
[Result "0-1"]
[WhiteElo "1809"]
[BlackElo "2183"]
[PlyCount "57"]
[EventDate "2007.05.06"]
[EventType "swiss"]
[EventRounds "9"]
[EventCountry "ESP"]
[Source "lmi"]
[SourceDate "2007.05.06"]

1. d4 f5 2. Nf3 Nf6 3. c4 g6 4. Nc3 Bg7 5. g3 O-O 6. Bg2 d6 7. O-O Qe8 8. d5 c6
9. Re1 Na6 10. Be3 Nc7 11. Qd2 Ng4 12. Bd4 Bh6 13. Qd3 e5 14. Be3 Nxe3 15. fxe3
Bg7 16. Rf1 Bd7 17. Rad1 a6 18. Nd2 b5 19. b3 Rb8 20. Rb1 Kh8 21. e4 fxe4 22.
Bxe4 Rf6 23. Bg2 bxc4 24. bxc4 Rxf1+ 25. Bxf1 Bf8 26. e4 Bg4 27. Bg2 Rb4 28. a3
Rxb1+ 29. Ncxb1 0-1

[Event "España ch Universitario 2007"]
[Site "Cartagena ESP"]
[Date "2007.05.07"]
[Round "1.51"]
[White "Perez Felipe, Marcos Adrian"]
[Black "Garcia Gil, Jesus"]
[Result "1-0"]
[WhiteElo "2177"]
[BlackElo "1791"]
[PlyCount "66"]
[EventDate "2007.05.06"]
[EventType "swiss"]
[EventRounds "9"]
[EventCountry "ESP"]
[Source "lmi"]
[SourceDate "2007.05.06"]

1. d4 d5 2. c4 e6 3. Nc3 Nf6 4. Nf3 c5 5. cxd5 exd5 6. Bg5 Be6 7. e3 Nbd7 8.
Be2 Be7 9. O-O O-O 10. Rc1 Rc8 11. h3 h6 12. Bf4 a6 13. a4 Qb6 14. Rb1 cxd4 15.
Nxd4 Nc5 16. Bf3 Rfd8 17. Qe2 Nce4 18. Nxe6 Qxe6 19. Rfc1 Bb4 20. Na2 Rxc1+ 21.
Rxc1 Bd2 22. Rd1 d4 23. Nc1 Bxc1 24. Rxc1 d3 25. Qd1 d2 26. Rc2 Rc8 27. Be2
Rxc2 28. Qxc2 Qa2 29. f3 Qa1+ 30. Bd1 Nc5 31. Qxd2 Nxa4 32. Be5 Qb1 33. Kh2 Nc5
1-0

[Event "España ch Universitario 2007"]
[Site "Cartagena ESP"]
[Date "2007.05.07"]
[Round "1.52"]
[White "Torrecillas Muelas, Maria Del Camino"]
[Black "Eyo Castro-Rial, Alberto"]
[Result "0-1"]
[WhiteElo "1699"]
[BlackElo "2176"]
[PlyCount "68"]
[EventDate "2007.05.06"]
[EventType "swiss"]
[EventRounds "9"]
[EventCountry "ESP"]
[Source "lmi"]
[SourceDate "2007.05.06"]

1. c4 f5 2. g3 Nf6 3. Bg2 g6 4. Nc3 Bg7 5. d3 O-O 6. e4 fxe4 7. dxe4 d6 8. Nge2
c5 9. O-O Nc6 10. h3 Be6 11. Nd5 Nd7 12. Rb1 Nde5 13. b3 Qd7 14. f4 Nf7 15. Kh2
Nfd8 16. Bb2 Bf7 17. Bf3 Ne6 18. Bg4 h5 19. Bf3 Ned4 20. Bg2 Rae8 21. Nxd4 Nxd4
22. Bxd4 cxd4 23. Qd2 Be6 24. Rbe1 Rf7 25. Re2 Ref8 26. Rfe1 h4 27. g4 Bxg4 28.
hxg4 Qxg4 29. Qd3 Bh6 30. Bh3 Bxf4+ 31. Nxf4 Qxf4+ 32. Kh1 Qe5 33. Rg1 Rf3 34.
Rxg6+ Kh7 0-1